|
|
|
|
| LEADER |
00000nam0a2200000 4500 |
| 001 |
318154 |
| 005 |
20231102003040.0 |
| 035 |
|
|
|a (RuTPU)RU\TPU\book\343651
|
| 090 |
|
|
|a 318154
|
| 100 |
|
|
|a 20160421d1978 km y0engy50 ba
|
| 101 |
0 |
|
|a eng
|
| 102 |
|
|
|a RU
|
| 105 |
|
|
|a a z 000zy
|
| 200 |
1 |
|
|a Russian souvenirs
|f compiled M. Chereiskava
|
| 210 |
|
|
|a Leningrad
|c Aurora Art Publishers
|d 1978
|
| 215 |
|
|
|a 105 с.
|c il.
|
| 606 |
1 |
|
|a Декоративно-прикладное искусство
|2 stltpush
|3 (RuTPU)RU\TPU\subj\9017
|9 36311
|
| 606 |
1 |
|
|a Искусство в доме и быту
|2 stltpush
|3 (RuTPU)RU\TPU\subj\13191
|9 39842
|
| 610 |
1 |
|
|a изобразительное искусство
|
| 610 |
1 |
|
|a народные промыслы
|
| 610 |
1 |
|
|a народные ремесла
|
| 610 |
1 |
|
|a хохломская роспись
|
| 610 |
1 |
|
|a поделки
|
| 610 |
1 |
|
|a игрушки
|
| 610 |
1 |
|
|a сувениры
|
| 610 |
1 |
|
|a палехская миниатюра
|
| 610 |
1 |
|
|a жостовские подносы
|
| 610 |
1 |
|
|a Гжель
|
| 610 |
1 |
|
|a керамика
|
| 610 |
1 |
|
|a павловские платки
|
| 610 |
1 |
|
|a металлические изделия
|
| 610 |
1 |
|
|a украшения
|
| 610 |
1 |
|
|a фарфоровые изделия
|
| 610 |
1 |
|
|a художественное стеклоделие
|
| 610 |
1 |
|
|a альбомы
|
| 610 |
1 |
|
|a английский язык
|
| 675 |
|
|
|a 745
|v 4
|
| 675 |
|
|
|a 7.05
|v 4
|
| 702 |
|
1 |
|a Chereiskava
|b M.
|4 220
|
| 801 |
|
1 |
|a RU
|b 63413507
|c 20160421
|
| 801 |
|
2 |
|a RU
|b 63413507
|c 20200128
|g RCR
|
| 942 |
|
|
|c BK
|